Métodos estadísticos aplicados a la investigación y a la producción / (Record no. 52515)

MARC details
000 -LEADER
campo de control de longitud fija 00665nam a2200193 i 4500
001 - NÚMERO DE CONTROL
campo de control 52515
003 - IDENTIFICADOR DE NÚMERO DE CONTROL
campo de control ES-MaACL
005 - FECHA Y HORA DE LA ÚLTIMA TRANSACCIÓN
campo de control 20231221205320.0
007 - CAMPO FIJO DE DESCRIPCIÓN FÍSICA--INFORMACIÓN GENERAL
campo de control de longitud fija t|
008 - DATOS DE LONGITUD FIJA--INFORMACIÓN GENERAL
campo de control de longitud fija 030901s1960 sp ||||1| spa d
100 1# - ENTRADA PRINCIPAL--NOMBRE DE PERSONA
Nombre de persona Davies, Owen L.
9 (RLIN) 42917
245 10 - MENCIÓN DEL TÍTULO
Título Métodos estadísticos aplicados a la investigación y a la producción /
Mención de responsabilidad, etc. Owen L. Davies ; traducción del inglés por Francisco Azorín y Anselmo Calleja.
260 ## - PUBLICACIÓN, DISTRIBUCIÓN, ETC.
Lugar de publicación, distribución, etc. Madrid :
Nombre del editor, distribuidor, etc. Aguilar,
Fecha de publicación, distribución, etc. 1960.
300 ## - DESCRIPCIÓN FÍSICA
Extensión XXIII, 423 p. ;
Dimensiones 24 cm.
700 1# - ENTRADA AGREGADA--NOMBRE PERSONAL
Nombre de persona Azorín, Francisco,
Fechas asociadas al nombre 1915-
9 (RLIN) 24331
700 1# - ENTRADA AGREGADA--NOMBRE PERSONAL
Nombre de persona Calleja, Anselmo.
9 (RLIN) 33713
852 ## - LOCALIZACIÓN
Ubicación ES-MaACL
Número de control de estantería C-18265
Sublocalización o colección R.46574
Holdings
Estatus retirado Estado de pérdida Estado de daño No para préstamo Biblioteca de origen Biblioteca actual Ubicación en estantería Fecha de adquisición Fuente de adquisición Total de préstamos Signatura topográfica completa Código de barras Visto por última vez Precio de reemplazo Tipo de ítem Koha
        Biblioteca del Ateneo de Madrid Biblioteca del Ateneo de Madrid Galería 17/01/2008     C-18265 1055197 23/02/2023 23/02/2023 Libro impreso